[Event "The Mortar & Pestle Chess Congress"]
[Site "SchemingMind.com"]
[Date "2008.10.16"]
[Round "-"]
[White "C. H. O'D. Schlechter"]
[Black "Rekursiv"]
[Result "1-0"]
[WhiteCountry "USA"]
[BlackCountry "USA"]
[WhiteElo "2469"]
[WhiteRD "74"]
[BlackElo "2116"]
[BlackRD "94"]
[GameID "174616"]

1. b3 e5 2. Bb2 Nc6 3. e3 d5 4. Bb5 Bd6 5. f4 Qh4+ 6. g3 Qe7 7. Nf3 Bg4 8. fxe5 Bxe5 9. Bxe5 Bxf3 10. Qxf3 Qxe5
11. Nc3 Ne7 12. O-O f6 13. Bxc6+ bxc6 14. Rae1 O-O 15. d4 Qd6 16. Na4 f5 17. Nc5 Rae8 18. a4 Rf6 19. Qe2 Rg6 20. Rf4 Rg5
21. Ref1 h5 22. Kh1 Ra8 23. Nd3 Rg4 24. Ne5 Rxf4 25. exf4 g6 26. Re1 Kf8 27. Nf3 Ng8 28. Qa6 c5 29. Qb7 Re8 30. Rxe8+ Kxe8
31. dxc5
1-0

[Event "The Mortar & Pestle Chess Congress"]
[Site "SchemingMind.com"]
[Date "2008.10.12"]
[Round "-"]
[White "Trener"]
[Black "Rekursiv"]
[Result "1-0"]
[WhiteCountry "PAR"]
[BlackCountry "USA"]
[WhiteElo "2286"]
[WhiteRD "73"]
[BlackElo "2081"]
[BlackRD "94"]
[GameID "174617"]

1. d4 Nf6 2. c4 g6 3. Nf3 Bg7 4. Nc3 O-O 5. e4 d6 6. Be2 e5 7. O-O Nc6 8. d5 Ne7 9. Nd2 Nd7 10. b4 f5
11. c5 Nf6 12. f3 Bh6 13. Nc4 Bxc1 14. Rxc1 Bd7 15. a4 f4 16. Qe1 a6 17. Rb1 Be8 18. Qf2 Nc8 19. a5 Rb8 20. cxd6 cxd6
21. b5 axb5 22. Nxb5 Bxb5 23. Rxb5 Rf7 24. Rfb1 Rc7 25. a6 b6 26. Nxb6 Na7 27. R5b2
1-0

[Event "The Mortar & Pestle Chess Congress"]
[Site "SchemingMind.com"]
[Date "2008.10.16"]
[Round "-"]
[White "badbishop"]
[Black "Rekursiv"]
[Result "1-0"]
[WhiteCountry "POL"]
[BlackCountry "USA"]
[WhiteElo "2202"]
[WhiteRD "85"]
[BlackElo "2130"]
[BlackRD "92"]
[GameID "174618"]

1. e4 e6 2. d4 d5 3. Nc3 Bb4 4. e5 c5 5. a3 Bxc3+ 6. bxc3 Ne7 7. h4 Nbc6 8. h5 Qb6 9. h6 gxh6 10. Nf3 Bd7
11. Bxh6 cxd4 12. cxd4 Nf5 13. Rb1 Qc7 14. Bg5 h6 15. Bf6 Rg8 16. g3 Qa5+ 17. Qd2 Qxa3 18. Bd3 b6 19. c3 Rc8 20. Kf1 Nce7
21. Rc1 Ba4 22. Kg2 b5 23. Nh4 Nxh4+ 24. Bxh4 Nf5 25. Bxf5 exf5 26. Qxh6 Qf8 27. Qa6 Rc7 28. Bf6
1-0

[Event "The Mortar & Pestle Chess Congress"]
[Site "SchemingMind.com"]
[Date "2008.10.13"]
[Round "-"]
[White "drunkenmaster"]
[Black "Rekursiv"]
[Result "0-1"]
[WhiteCountry "PHI"]
[BlackCountry "USA"]
[WhiteElo "1848"]
[WhiteRD "88"]
[BlackElo "2025"]
[BlackRD "111"]
[GameID "174619"]

1. d4 d5 2. Nf3 Nf6 3. c4 e6 4. Nc3 c6 5. Bg5 dxc4 6. a4 Bb4 7. e4 b5 8. Qc2 h6 9. Bh4 g5 10. Bg3 g4
11. Ne5 Qxd4 12. f3 gxf3 13. gxf3 Nh5 14. Rd1 Qe3+ 15. Be2 Nxg3 16. hxg3 Qg5 17. Ng4 Nd7 18. f4 Qg7 19. Kf2 h5 20. Ne3 Bxc3
21. bxc3 Nc5 22. axb5 cxb5 23. Rxh5 Rxh5 24. Bxh5 Qxc3 25. Qb1 Qb3
0-1

[Event "The Mortar & Pestle Chess Congress"]
[Site "SchemingMind.com"]
[Date "2008.10.12"]
[Round "-"]
[White "smothered mate"]
[Black "Rekursiv"]
[Result "0-1"]
[WhiteCountry "POL"]
[BlackCountry "USA"]
[WhiteElo "1882"]
[WhiteRD "54"]
[BlackElo "2148"]
[BlackRD "93"]
[GameID "174620"]

1. d4 Nf6 2. c4 e6 3. a3 b6 4. Bg5 Bb7 5. Nc3 Be7 6. e3 O-O 7. Nf3 h6 8. Bf4 d5 9. h3 c5 10. Be2 cxd4
11. exd4 dxc4 12. Bxc4 Nd5 13. Be5 Nxc3 14. bxc3 Qc8 15. Qd3 Nd7 16. O-O Bxf3 17. gxf3 Nxe5 18. dxe5 Qc5 19. Qe4 Rac8 20. Bd3 g6
21. Rfc1 Rfd8 22. Bb1 Rd2 23. Qe1 Rcd8 24. f4 Bh4
0-1

[Event "The Mortar & Pestle Chess Congress"]
[Site "SchemingMind.com"]
[Date "2008.10.17"]
[Round "-"]
[White "dlamadzi"]
[Black "C. H. O'D. Schlechter"]
[Result "0-1"]
[WhiteCountry "POL"]
[BlackCountry "USA"]
[WhiteElo "1892"]
[WhiteRD "77"]
[BlackElo "2469"]
[BlackRD "74"]
[GameID "174717"]

1. e4 e5 2. Nf3 Nc6 3. Nc3 Nf6 4. Bb5 Bb4 5. O-O O-O 6. d3 d6 7. Bg5 Bxc3 8. bxc3 Qe7 9. Nd2 Nd8 10. f4 exf4
11. Bxf4 Bg4 12. Qe1 Nh5 13. Be3 Be6 14. Qe2 Qh4 15. d4 Nf6 16. Bd3 Bg4
0-1

[Event "The Mortar & Pestle Chess Congress"]
[Site "SchemingMind.com"]
[Date "2008.10.12"]
[Round "-"]
[White "dlamadzi"]
[Black "Rekursiv"]
[Result "1/2-1/2"]
[WhiteCountry "POL"]
[BlackCountry "USA"]
[WhiteElo "2051"]
[WhiteRD "92"]
[BlackElo "2025"]
[BlackRD "111"]
[GameID "174718"]

1. e4 e6 2. Nc3 d5 3. d4 Nf6 4. Bg5 dxe4 5. Nxe4 Be7 6. Nxf6+ Bxf6 7. Bxf6 Qxf6 8. Nf3 O-O 9. c3 b6 10. Be2 Bb7
11. O-O Nd7 12. Re1 Rfd8 13. Qc2 c5 14. Rad1 cxd4 15. Nxd4 Rac8 16. Bf3 Bxf3 17. Nxf3 Nc5 18. b4 Nb7 19. c4 Qf4 20. Rxd8+ Rxd8
21. a3 a5 22. Qe4 Qxe4 23. Rxe4=
1/2-1/2

[Event "The Mortar & Pestle Chess Congress"]
[Site "SchemingMind.com"]
[Date "2008.10.13"]
[Round "-"]
[White "dlamadzi"]
[Black "Trener"]
[Result "0-1"]
[WhiteCountry "POL"]
[BlackCountry "PAR"]
[WhiteElo "1889"]
[WhiteRD "83"]
[BlackElo "2286"]
[BlackRD "73"]
[GameID "174719"]

1. e4 c5 2. Nc3 Nc6 3. f4 d6 4. Nf3 g6 5. Bc4 Bg7 6. O-O e6 7. d3 Nge7 8. Qe1 h6 9. f5 gxf5 10. Bb3 Rg8
11. Nh4 fxe4 12. Nxe4 f5 13. Ng3 Nd4 14. Nh5 Bh8 15. Bxh6 Nxb3 16. axb3 Bxb2 17. Ra4 Rh8 18. Bg7 Bxg7 19. Nxg7+ Kf7 20. Qg3 Rh7
21. Nxe6 Bxe6 22. Nf3 Rh6 23. Re1= Ke8 24. d4 Rg6 25. Qh3 Qc8
0-1

[Event "The Mortar & Pestle Chess Congress"]
[Site "SchemingMind.com"]
[Date "2008.10.16"]
[Round "-"]
[White "dlamadzi"]
[Black "badbishop"]
[Result "0-1"]
[WhiteCountry "POL"]
[BlackCountry "POL"]
[WhiteElo "1892"]
[WhiteRD "77"]
[BlackElo "2212"]
[BlackRD "86"]
[GameID "174720"]

1. e4 c5 2. Nc3 Nc6 3. f4 g6 4. Nf3 Bg7 5. Bc4 e6 6. O-O Nge7 7. e5 d5 8. exd6 Qxd6 9. Ne4 Qc7 10. d3 O-O
11. Qe1 Nf5 12. c3 Na5 13. Bb5 a6 14. Ba4 b5 15. Bc2 Bb7 16. Ng3 Nd6 17. Be3= Rfe8 18. Rd1 Nf5 19. Nxf5 exf5 20. Qf2 Rac8
21. d4 Nc4 22. Bc1 Bxf3 23. Qxf3 cxd4 24. Bb3 dxc3 25. bxc3 Qc5+ 26. Kh1 Na5
0-1

[Event "The Mortar & Pestle Chess Congress"]
[Site "SchemingMind.com"]
[Date "2008.10.13"]
[Round "-"]
[White "dlamadzi"]
[Black "drunkenmaster"]
[Result "1-0"]
[WhiteCountry "POL"]
[BlackCountry "PHI"]
[WhiteElo "2012"]
[WhiteRD "96"]
[BlackElo "1870"]
[BlackRD "96"]
[GameID "174721"]

1. Nf3 d6 2. c4 Bg4 3. Nc3 Bxf3 4. gxf3 c6 5. d4 Nd7 6. e4 e5 7. d5 Ngf6 8. Bh3 Be7 9. Rg1 O-O 10. Bh6 Ne8
11. f4 Kh8 12. Qg4 gxh6 13. Qxd7 exf4 14. Qf5 Bf6 15. Qxf4 Bxc3+ 16. bxc3 Qf6 17. Qe3 Nc7 18. Kd2 cxd5 19. cxd5 Na6 20. Qd4 Qxd4+
21. cxd4 Rae8 22. Bf5 f6 23. Rac1 Re7 24. Rg3 Rg7 25. Rxg7 Kxg7 26. Bc8 Rf7 27. Rb1 Nb8 28. Rxb7 Rxb7 29. Bxb7 Nd7 30. Bc8 Nb6
31. Be6 Kg6 32. f4 Kg7 33. Kc3 a5 34. e5
1-0

[Event "The Mortar & Pestle Chess Congress"]
[Site "SchemingMind.com"]
[Date "2008.10.12"]
[Round "-"]
[White "dlamadzi"]
[Black "smothered mate"]
[Result "1-0"]
[WhiteCountry "POL"]
[BlackCountry "POL"]
[WhiteElo "2080"]
[WhiteRD "89"]
[BlackElo "1904"]
[BlackRD "55"]
[GameID "174722"]

1. e4 c5 2. Nf3 d6 3. Bb5+ Bd7 4. Bxd7+ Qxd7 5. c4 Nc6 6. O-O g6 7. Nc3 Bg7 8. d3 Nf6 9. h3 O-O 10. Be3 Rfb8
11. Qd2 a6 12. a4 Na7 13. d4 cxd4 14. Bxd4 b5 15. axb5 axb5 16. Qe3 Nc6 17. Nxb5 Nxd4 18. Nfxd4 Qb7 19. f3 Nd7 20. b3 Qb6
21. Rxa8 Rxa8 22. Nc2 Qxe3+ 23. Nxe3 Ra2 24. b4 Bh6 25. Nd5 e6 26. Ne7+ Kf8 27. Nc6 Be3+ 28. Kh1 Bf4 29. Rd1 Nb6 30. Nxd6 Bxd6
31. c5 Bxc5 32. bxc5 Nc4 33. Rd8+ Kg7 34. Nd4 e5 35. Nb5 f5 36. c6 Ra1+ 37. Kh2 f4 38. c7 Ne3 39. Nc3 Nf1+ 40. Kg1 Ne3+
41. Kf2 Rf1+ 42. Ke2
1-0

[Event "The Mortar & Pestle Chess Congress"]
[Site "SchemingMind.com"]
[Date "2008.10.12"]
[Round "-"]
[White "dlamadzi"]
[Black "Mihir Naniwadekar"]
[Result "0-1"]
[WhiteCountry "POL"]
[BlackCountry "ENG"]
[WhiteElo "1892"]
[WhiteRD "77"]
[BlackElo "1721"]
[BlackRD "84"]
[GameID "174723"]

1. e4 e5 2. Nf3 Nc6 3. Nc3 Nf6 4. Bb5 Nd4 5. Ba4 Nxf3+ 6. gxf3 Bc5 7. d3 Nh5 8. Nd5 c6 9. Ne3 Nf4 10. Nf5 g6
11. d4 gxf5 12. dxc5 Qa5+ 13. c3 Ng2+ 14. Kf1 Nh4
0-1

[Event "The Mortar & Pestle Chess Congress"]
[Site "SchemingMind.com"]
[Date "2008.10.17"]
[Round "-"]
[White "C. H. O'D. Schlechter"]
[Black "dlamadzi"]
[Result "1-0"]
[WhiteCountry "USA"]
[BlackCountry "POL"]
[WhiteElo "2469"]
[WhiteRD "74"]
[BlackElo "1892"]
[BlackRD "77"]
[GameID "174724"]

1. e4 c5 2. Nf3 Nf6 3. Nc3 Nc6 4. Bb5 Nd4 5. e5 Nxb5 6. Nxb5 Nd5 7. Ng5 f6 8. Ne4 Qb6 9. c4 Nb4 10. O-O f5
11. a3 Nd3 12. Nec3 e6 13. Qh5+ g6 14. Qg5 d6 15. Qf6 Rg8 16. exd6 Bxd6 17. Nd5
1-0

[Event "The Mortar & Pestle Chess Congress"]
[Site "SchemingMind.com"]
[Date "2008.10.13"]
[Round "-"]
[White "Rekursiv"]
[Black "dlamadzi"]
[Result "0-1"]
[WhiteCountry "USA"]
[BlackCountry "POL"]
[WhiteElo "2025"]
[WhiteRD "111"]
[BlackElo "2051"]
[BlackRD "92"]
[GameID "174725"]

1. d4 Nf6 2. c4 d6 3. Nc3 e5 4. Nf3 Nbd7 5. e4 c6 6. Be2 Be7 7. O-O O-O 8. h3 Re8 9. dxe5 dxe5 10. Be3 Qc7
11. Qc2 Nf8 12. Rfd1 Ng6 13. a3 a5 14. Na4 Be6 15. Ng5 Bd7 16. Nb6 Rad8 17. c5 h6 18. Nf3 Be6 19. Bd2 Nd7 20. Bxa5 Nxc5
21. Nc4 Rxd1+ 22. Rxd1 Qb8 23. b4 Nd7 24. Nb6 Nxb6 25. Bxb6 Qa8 26. Qc3 Qa4 27. Ra1 Ra8 28. Bd1 Qb5 29. Bc7 f6 30. Bb3 Bxb3
31. Qxb3+ Kf8 32. Rd1 Qa4 33. Qxa4 Rxa4 34. Rd3 Nf4 35. Rb3 Ra6 36. Nh4 Ke8 37. Nf5 g6 38. Nxe7 Kxe7 39. Bb8 Kd7 40. Rf3 Ra8
41. Rxf4 exf4 42. Bxf4 h5
0-1

[Event "The Mortar & Pestle Chess Congress"]
[Site "SchemingMind.com"]
[Date "2008.10.13"]
[Round "-"]
[White "Trener"]
[Black "dlamadzi"]
[Result "1-0"]
[WhiteCountry "PAR"]
[BlackCountry "POL"]
[WhiteElo "2277"]
[WhiteRD "75"]
[BlackElo "1892"]
[BlackRD "77"]
[GameID "174726"]

1. Nf3 Nf6 2. d4 e6 3. Bg5 c5 4. c3 cxd4 5. cxd4 Be7 6. Nc3 O-O 7. e4 b6 8. e5 Ne8 9. Bxe7 Qxe7 10. Bd3 Bb7
11. Qe2 d6 12. O-O Nd7 13. Be4 Bxe4 14. Qxe4 Rc8 15. Nb5 d5 16. Qe2 Nb8 17. Rfc1 Nc6 18. Rc3 Qd7 19. Rac1 f6 20. a4 Ne7
21. Rxc8 Nxc8 22. Re1
1-0

[Event "The Mortar & Pestle Chess Congress"]
[Site "SchemingMind.com"]
[Date "2008.10.16"]
[Round "-"]
[White "badbishop"]
[Black "dlamadzi"]
[Result "1-0"]
[WhiteCountry "POL"]
[BlackCountry "POL"]
[WhiteElo "2212"]
[WhiteRD "86"]
[BlackElo "1892"]
[BlackRD "77"]
[GameID "174727"]

1. e4 c5 2. Nf3 Nf6 3. e5 Nd5 4. Nc3 Nxc3 5. dxc3 Nc6 6. Bf4 Qc7 7. Bc4 e6 8. Qe2 h6 9. h4 b6 10. O-O-O Bb7
11. Rd2 O-O-O 12. Rhd1 Na5 13. Bb5 Bc6 14. b3 f5 15. Bxc6 Nxc6 16. h5 Be7 17. Qa6+ Kb8 18. Rd3
1-0

[Event "The Mortar & Pestle Chess Congress"]
[Site "SchemingMind.com"]
[Date "2008.10.13"]
[Round "-"]
[White "drunkenmaster"]
[Black "dlamadzi"]
[Result "0-1"]
[WhiteCountry "PHI"]
[BlackCountry "POL"]
[WhiteElo "1870"]
[WhiteRD "96"]
[BlackElo "2012"]
[BlackRD "96"]
[GameID "174728"]

1. d4 Nf6 2. c4 e6 3. Nc3 Bb4 4. e3 O-O 5. Bd3 b6 6. Nf3 Bb7 7. O-O Bxc3 8. bxc3 Ne4 9. Ne1 f5 10. f3 Nf6
11. Qe2 Nc6 12. e4 fxe4 13. fxe4 e5 14. Be3 d6 15. Nf3 Qe7 16. Bg5 h6 17. Bd2 Qd7 18. c5 bxc5 19. d5 Ne7 20. Rab1 c6
21. c4 cxd5 22. exd5 Rae8 23. Nh4 Ba6 24. Rbe1 Qa4 25. Rxf6 Rxf6 26. Qg4 Qxa2 27. Be3 Bc8 28. Qg3 Ref8
0-1

[Event "The Mortar & Pestle Chess Congress"]
[Site "SchemingMind.com"]
[Date "2008.10.12"]
[Round "-"]
[White "smothered mate"]
[Black "dlamadzi"]
[Result "0-1"]
[WhiteCountry "POL"]
[BlackCountry "POL"]
[WhiteElo "1886"]
[WhiteRD "52"]
[BlackElo "2051"]
[BlackRD "92"]
[GameID "174729"]

1. d4 Nf6 2. c4 e6 3. a3 b6 4. Bg5 Bb7 5. e3 Be7 6. Nf3 Ne4 7. Bf4 O-O 8. Bd3 f5 9. Nbd2 d6 10. Qc2 Nf6
11. h3 Na6 12. b4 c5 13. bxc5 dxc5 14. d5 exd5 15. Bxf5 dxc4 16. Be6+ Kh8 17. Qxc4 Nc7 18. Ng5 b5 19. Bxc7 Qxc7 20. Qh4 h6
21. O-O Nh7 22. f4 hxg5 23. Qh5 Qc6
0-1

[Event "The Mortar & Pestle Chess Congress"]
[Site "SchemingMind.com"]
[Date "2008.10.12"]
[Round "-"]
[White "Mihir Naniwadekar"]
[Black "dlamadzi"]
[Result "0-1"]
[WhiteCountry "ENG"]
[BlackCountry "POL"]
[WhiteElo "1744"]
[WhiteRD "72"]
[BlackElo "2080"]
[BlackRD "89"]
[GameID "174730"]

1. e4 c5 2. Nc3 Nc6 3. f4 g6 4. Nf3 Bg7 5. Bc4 e6 6. O-O Nge7 7. d3 O-O 8. Qe1 d5 9. Bb3 b6 10. f5 c4
11. dxc4 dxe4 12. f6 Bxf6 13. Nxe4 Bg7
0-1

[Event "The Mortar & Pestle Chess Congress"]
[Site "SchemingMind.com"]
[Date "2008.10.17"]
[Round "-"]
[White "rougon"]
[Black "C. H. O'D. Schlechter"]
[Result "0-1"]
[WhiteCountry "USA"]
[BlackCountry "USA"]
[WhiteElo "1757"]
[WhiteRD "68"]
[BlackElo "2425"]
[BlackRD "78"]
[GameID "174731"]

1. d4 Nf6 2. c4 e5 3. dxe5 Ng4 4. Nf3 Bc5 5. e3 Nc6 6. Nc3 O-O 7. Be2 Ngxe5 8. Nxe5 Nxe5 9. O-O Re8 10. a3 a5
11. b3 Ra6 12. Bf3 Rh6 13. h3 Qh4 14. Ne4 Nxf3+
0-1

[Event "The Mortar & Pestle Chess Congress"]
[Site "SchemingMind.com"]
[Date "2008.10.12"]
[Round "-"]
[White "rougon"]
[Black "Rekursiv"]
[Result "0-1"]
[WhiteCountry "USA"]
[BlackCountry "USA"]
[WhiteElo "1767"]
[WhiteRD "69"]
[BlackElo "2025"]
[BlackRD "111"]
[GameID "174732"]

1. e4 e6 2. d4 d5 3. Nc3 Nf6 4. e5 Nfd7 5. f4 c5 6. Nf3 Nc6 7. Be3 cxd4 8. Nxd4 Bc5 9. Qd2 O-O 10. O-O-O a6
11. Kb1 Bxd4 12. Bxd4 b5 13. g4 b4 14. Na4 Qa5 15. b3 Nxd4 16. Qxd4 Bb7 17. Bd3 Bc6 18. Nb2 Bb5 19. f5 Qc7 20. Bxb5 axb5
21. Nd3 Rxa2 22. Kxa2 Qxc2+
0-1

[Event "The Mortar & Pestle Chess Congress"]
[Site "SchemingMind.com"]
[Date "2008.10.13"]
[Round "-"]
[White "rougon"]
[Black "Trener"]
[Result "0-1"]
[WhiteCountry "USA"]
[BlackCountry "PAR"]
[WhiteElo "1767"]
[WhiteRD "69"]
[BlackElo "2082"]
[BlackRD "83"]
[GameID "174733"]

1. d4 Nf6 2. c4 e6 3. Nc3 Bb4 4. e3 b6 5. Bd3 Bb7 6. Nf3 Ne4 7. Bd2 Nxd2 8. Nxd2 Qg5 9. Bf1 O-O 10. Nf3 Bxc3+
11. bxc3 Qg6 12. g3 Bxf3 13. Qxf3 Qc2 14. Rd1 Qxc3+ 15. Rd2 Nc6 16. Bd3 Nb4 17. Qe4 f5
0-1

[Event "The Mortar & Pestle Chess Congress"]
[Site "SchemingMind.com"]
[Date "2008.10.16"]
[Round "-"]
[White "rougon"]
[Black "badbishop"]
[Result "0-1"]
[WhiteCountry "USA"]
[BlackCountry "POL"]
[WhiteElo "1757"]
[WhiteRD "68"]
[BlackElo "2238"]
[BlackRD "82"]
[GameID "174734"]

1. d4 Nf6 2. c4 g6 3. Nc3 Bg7 4. e4 d6 5. Be2 O-O 6. Nf3 Nbd7 7. O-O e5 8. d5 Nc5 9. Nd2 a5 10. f3 Nh5
11. Nb3 Nxb3 12. Qxb3 Nf4 13. Bxf4 exf4 14. Rac1 Bd4+ 15. Kh1 Qh4 16. Nb5 Bf2 17. Nxc7 Bg3 18. h3 Bxh3
0-1

[Event "The Mortar & Pestle Chess Congress"]
[Site "SchemingMind.com"]
[Date "2008.10.13"]
[Round "-"]
[White "rougon"]
[Black "drunkenmaster"]
[Result "0-1"]
[WhiteCountry "USA"]
[BlackCountry "PHI"]
[WhiteElo "1792"]
[WhiteRD "67"]
[BlackElo "1870"]
[BlackRD "96"]
[GameID "174735"]

1. e4 e6 2. d4 d5 3. Nd2 Nf6 4. e5 Nfd7 5. f4 c5 6. c3 Nc6 7. Ndf3 cxd4 8. cxd4 Nb6 9. Bd3 Nb4 10. Bb1 a5
11. Ne2 a4 12. a3 Nc6 13. O-O Na5 14. Ba2 Bd7 15. Bd2 Bb5 16. Bxa5 Rxa5 17. Nd2 g6 18. Rf3 Be7 19. Nc3 Bc6 20. Rc1 Qd7
21. g4 h5 22. h3 hxg4 23. hxg4 Qd8 24. f5 gxf5 25. gxf5 Kd7 26. b4 Qg8+ 27. Kf2 Rh2+ 28. Ke3 Bg5+
0-1

[Event "The Mortar & Pestle Chess Congress"]
[Site "SchemingMind.com"]
[Date "2008.10.12"]
[Round "-"]
[White "rougon"]
[Black "smothered mate"]
[Result "0-1"]
[WhiteCountry "USA"]
[BlackCountry "POL"]
[WhiteElo "1792"]
[WhiteRD "67"]
[BlackElo "1931"]
[BlackRD "51"]
[GameID "174736"]

1. e4 c5 2. Nf3 d6 3. d4 cxd4 4. Nxd4 Nf6 5. Nc3 g6 6. Be3 Bg7 7. Be2 O-O 8. O-O Nc6 9. Nb3 Qd7 10. f4 Qe6
11. Bf3 Nxe4 12. Nxe4 f5 13. Bd4 fxe4 14. Bxg7 Kxg7 15. Nd4 Qc4 16. Nxc6 bxc6 17. Be2 Qc5+ 18. Kh1 d5 19. Rc1 Qe3 20. c4 d4
21. c5 d3 22. Rc3 Qxe2
0-1

[Event "The Mortar & Pestle Chess Congress"]
[Site "SchemingMind.com"]
[Date "2008.10.12"]
[Round "-"]
[White "rougon"]
[Black "Mihir Naniwadekar"]
[Result "1-0"]
[WhiteCountry "USA"]
[BlackCountry "ENG"]
[WhiteElo "1757"]
[WhiteRD "68"]
[BlackElo "1744"]
[BlackRD "72"]
[GameID "174737"]

1. d4 Nf6 2. c4 e6 3. Nc3 Bb4 4. e3 c5 5. Ne2 cxd4 6. exd4 O-O 7. g3 d5 8. a3 Be7 9. Bg2 dxc4 10. Qa4 Bd7
11. Qxc4 Bc6 12. O-O Bxg2 13. Kxg2 Nc6 14. Be3 Rc8 15. Qb3 Na5 16. Qd1
1-0

[Event "The Mortar & Pestle Chess Congress"]
[Site "SchemingMind.com"]
[Date "2008.10.12"]
[Round "-"]
[White "rougon"]
[Black "dlamadzi"]
[Result "0-1"]
[WhiteCountry "USA"]
[BlackCountry "POL"]
[WhiteElo "1792"]
[WhiteRD "67"]
[BlackElo "2012"]
[BlackRD "96"]
[GameID "174738"]

1. e4 Nc6 2. d4 d5 3. e5 Bf5 4. c3 e6 5. f4 h5 6. Nf3 g6 7. Bd3 Nh6 8. h3 Be7 9. O-O Bh4 10. Nxh4 Qxh4
11. Qf3 Bg4 12. hxg4 hxg4 13. g3 Qe7 14. Qe2 Nf5 15. Bxf5 gxf5 16. Be3 Rh3 17. Kg2 Qf8 18. Nd2 Qh6 19. Rh1 O-O-O 20. Nb3 Rh8
21. Qf1 Rh2+
0-1

[Event "The Mortar & Pestle Chess Congress"]
[Site "SchemingMind.com"]
[Date "2008.10.17"]
[Round "-"]
[White "C. H. O'D. Schlechter"]
[Black "rougon"]
[Result "1-0"]
[WhiteCountry "USA"]
[BlackCountry "USA"]
[WhiteElo "2425"]
[WhiteRD "78"]
[BlackElo "1757"]
[BlackRD "68"]
[GameID "174739"]

1. b3 e5 2. Bb2 Nc6 3. e3 d5 4. Bb5 Bd6 5. f4 Qh4+ 6. g3 Qe7 7. Nf3 Bg4 8. fxe5 Bxe5 9. Bxe5 Bxf3 10. Qxf3 Qxe5
11. Nc3 Nf6 12. O-O O-O 13. Bxc6 bxc6 14. Qf5 Qd6 15. Rf4 Rae8 16. Ra4 Qc5 17. Rf1 Nd7 18. Qxd7
1-0

[Event "The Mortar & Pestle Chess Congress"]
[Site "SchemingMind.com"]
[Date "2008.10.12"]
[Round "-"]
[White "Rekursiv"]
[Black "rougon"]
[Result "1-0"]
[WhiteCountry "USA"]
[BlackCountry "USA"]
[WhiteElo "2025"]
[WhiteRD "111"]
[BlackElo "1767"]
[BlackRD "69"]
[GameID "174740"]

1. Nf3 d5 2. c4 dxc4 3. Qa4+ Nd7 4. Qxc4 Ngf6 5. d4 e6 6. g3 a6 7. Bg2 b5 8. Qc6 Ra7 9. O-O Bb7 10. Qc2 c5
11. Be3 Be4 12. Qd2 Be7 13. dxc5 Bxc5 14. Bxc5 Nxc5 15. Qg5 Na4 16. Qxg7 Rg8 17. Qh6 Nxb2 18. Nbd2 Rg6 19. Qe3 Bxf3 20. Nxf3 Rc7
21. Qa3 Rc2 22. Qxa6 Qb8 23. Nd4 Rc5 24. Nxb5
1-0

[Event "The Mortar & Pestle Chess Congress"]
[Site "SchemingMind.com"]
[Date "2008.10.13"]
[Round "-"]
[White "Trener"]
[Black "rougon"]
[Result "1-0"]
[WhiteCountry "PAR"]
[BlackCountry "USA"]
[WhiteElo "2194"]
[WhiteRD "88"]
[BlackElo "1725"]
[BlackRD "75"]
[GameID "174741"]

1. Nf3 d5 2. c4 e6 3. g3 c5 4. cxd5 exd5 5. d4 Nc6 6. Nc3 Nf6 7. Bg2 Be7 8. O-O O-O 9. dxc5 Be6 10. Be3 Ng4
11. Bd4 Nxd4 12. Nxd4 Bxc5 13. Nb3 Bb6 14. Nxd5 Rc8 15. e3 Bxd5 16. Bxd5 Qd7 17. Bf3 Qxd1 18. Rfxd1 Ne5 19. Bxb7 Rc2 20. Rd2 Rc7
21. Bg2 Rfc8 22. Rad1 Rc2 23. Bb7 Rxd2 24. Rxd2 Rb8 25. Be4 h6 26. Kf1 Re8 27. Rc2 Ng4 28. Bf5 Ne5 29. h3 g6 30. Bc8 Rd8
31. Bb7 Kg7 32. Ke2 Rd7 33. Be4 f5 34. Bg2 Kf6 35. a4 g5 36. a5 Bd8 37. Nc5
1-0

[Event "The Mortar & Pestle Chess Congress"]
[Site "SchemingMind.com"]
[Date "2008.10.16"]
[Round "-"]
[White "badbishop"]
[Black "rougon"]
[Result "1-0"]
[WhiteCountry "POL"]
[BlackCountry "USA"]
[WhiteElo "2238"]
[WhiteRD "82"]
[BlackElo "1757"]
[BlackRD "68"]
[GameID "174742"]

1. e4 c5 2. Nf3 e6 3. d4 cxd4 4. Nxd4 Nc6 5. Nc3 Qc7 6. Nxc6 bxc6 7. Bd3 d5 8. O-O Bd6 9. f4 Ne7 10. Be3 O-O
11. Qh5 e5 12. exd5 g6 13. Qh6 cxd5 14. Nb5 Qb8 15. Nxd6 Qxd6 16. fxe5 Qxe5 17. Rae1 Nf5 18. Bxf5 Bxf5 19. c3 Qg7 20. Qh4 Rfe8
21. Bd4 Qf8 22. Qf6
1-0

[Event "The Mortar & Pestle Chess Congress"]
[Site "SchemingMind.com"]
[Date "2008.10.12"]
[Round "-"]
[White "smothered mate"]
[Black "rougon"]
[Result "1-0"]
[WhiteCountry "POL"]
[BlackCountry "USA"]
[WhiteElo "1886"]
[WhiteRD "52"]
[BlackElo "1767"]
[BlackRD "69"]
[GameID "174744"]

1. d4 Nf6 2. c4 c5 3. e3 g6 4. Nc3 Bg7 5. Nf3 d6 6. Be2 O-O 7. O-O e6 8. Qc2 Nc6 9. Rd1 Qc7 10. Rb1 a6
11. a3 b6 12. d5 exd5 13. Nxd5 Qd8 14. Qa4 Bb7 15. b4 b5 16. Nxf6+ Qxf6 17. cxb5 axb5 18. Qxb5 Ba6 19. Qxc6 Bxe2 20. Rxd6 Qf5
21. e4 Qg4 22. Ne1 c4 23. f3 Qh5 24. Rd5 Qh4 25. Bg5 Qh5 26. Be7 Be5 27. f4 Rfc8 28. Qb6 Bc7 29. Qf2 Qg4 30. Rd2 Bd3
31. Nxd3 cxd3 32. Rxd3 Bxf4 33. Rf1 Rc1 34. Rxc1 Bxc1 35. Qf3 Qe6 36. Bf6 Rc8 37. e5 Bh6 38. h3 Qb6+ 39. Kh2 Rc1 40. Rd8+ Bf8
41. Rxf8+
1-0

[Event "The Mortar & Pestle Chess Congress"]
[Site "SchemingMind.com"]
[Date "2008.10.12"]
[Round "-"]
[White "Mihir Naniwadekar"]
[Black "rougon"]
[Result "0-1"]
[WhiteCountry "ENG"]
[BlackCountry "USA"]
[WhiteElo "1744"]
[WhiteRD "72"]
[BlackElo "1757"]
[BlackRD "68"]
[GameID "174745"]

1. d4 d5 2. Nf3 Nf6 3. c4 e6 4. Nc3 c5 5. cxd5 exd5 6. g3 Nc6 7. Bg2 Be7 8. O-O O-O 9. dxc5 Bxc5 10. Bg5 h6
11. Bxf6 Qxf6 12. Qxd5 Bb6 13. Rac1 Be6 14. Qe4 Rfe8
0-1

[Event "The Mortar & Pestle Chess Congress"]
[Site "SchemingMind.com"]
[Date "2008.10.12"]
[Round "-"]
[White "dlamadzi"]
[Black "rougon"]
[Result "1-0"]
[WhiteCountry "POL"]
[BlackCountry "USA"]
[WhiteElo "2012"]
[WhiteRD "96"]
[BlackElo "1792"]
[BlackRD "67"]
[GameID "174746"]

1. e4 c5 2. Nc3 e6 3. f4 d6 4. Nf3 Nc6 5. Bc4 Nf6 6. O-O g6 7. d3 Bg7 8. Qe1 O-O 9. Bb3 a6 10. f5 exf5
11. Qh4 fxe4 12. dxe4 Re8 13. Bg5 h6 14. Bxh6 Nxe4 15. Bxf7+ Kxf7 16. Ng5+ Kg8 17. Bxg7
1-0